| 000 | 00980cab a2200253 4500 | ||
|---|---|---|---|
| 001 | ABS38762 | ||
| 008 | 090401t1988 xxu||||| |||| 00| 0 eng d | ||
| 035 | _a(Sirsi) u12284 | ||
| 041 | _aeng | ||
| 100 | _aPowell-Smith, V. | ||
| 245 | _aFollow the codes to avoid negligence | ||
| 260 | _c1988 | ||
| 350 | _a0 | ||
| 490 |
_aContract Journal _v341(5652) 11 February 1988, 8(1) |
||
| 520 | _aDiscusses the decision in Board of Governors of the Hospitals for Sick Children and Another v McLaughlin and Harvey PLC and Cusdin Burden and Howitt and R T James and Partners and Others, QBD 20 October 1987, see WB2404-10, in which an action arose out of alleged defects in the new cardiac wing of the Great Ormond Street Children`s Hospital . | ||
| 650 | _aASSOCIATION OF CONSULTING ENGINEERS FORM | ||
| 650 | _aCONSULTING ENGINEERS | ||
| 650 | _aLIABILITY | ||
| 650 | _aNEGLIGENCE | ||
| 650 | _aPILING | ||
| 690 | _aBUILT ENVIRONMENT | ||
| 942 | _n0 | ||
| 948 | _c04/03/1997 | ||
| 999 |
_c7864 _d7864 |
||